000 00591nam a2200193Ia 4500
003 GCL
008 140319s9999 xx 000 0 ara d
040 _aGCL /
_cGCL
082 0 4 _a910.02624
_bص م
100 1 _aصلاح الدين الشامى
245 1 0 _aالموانى السودانية : دراسة فى الجغرافيا التاريخية /
_cصلاح الدين الشامى
300 _a199 ص
490 _aالالف كتاب
_v0
650 0 4 _aالسودان
650 0 4 _aالتاريخ
650 0 4 _aالجغرافيا
650 0 4 _aالموانئ
942 _2ddc
_cBK
999 _c45346
_d45346